| 000 | 00683cam a22002054a 4500 | ||
|---|---|---|---|
| 020 | _a0521591120 | ||
| 040 | _cDLC | ||
| 082 | 0 | 0 | _a330 CAM 2000 A069 Or. |
| 100 | 1 | _aMariano, Roberto S. | |
| 245 | 1 | 0 |
_aSimulation-based inference in econometrics : _bmethods and applications / |
| 260 |
_aCambridge, England ; _aNew York : _bCambridge University Press, _c2000. |
||
| 300 |
_ax, 462 p. : _bill. ; _c24 cm. |
||
| 650 | 0 | _aEconometric models. | |
| 650 | 0 | _aEconomics | |
| 700 | 1 | _aSchuermann, Til. | |
| 700 | 1 | _aWeeks, Melvyn J. | |
| 856 | 4 | 2 | _uhttp://www.loc.gov/catdir/description/cam029/98035993.html |
| 856 | 4 | 1 | _uhttp://www.loc.gov/catdir/toc/cam022/98035993.html |
| 942 | _cEK | ||
| 999 |
_c14650 _d14650 |
||